000 00288nam a2200109Ia 4500
008 190913s9999||||xx |||||||||||||| ||und||
100 _aAlbrecht, Nicol
245 0 _aMicrosoft Access Projects with Microsoft SQL server
260 _aLahore
_b McGraw Hill
_c2000
300 _a216
942 _cBK
999 _c8182
_d8182